Kanye West or Hitler? - Statistics

General Stats
  • This quiz has been taken 645 times
  • The average score is 4 of 5
Answer Stats
Question Answer % Correct
Who is an Antisemite Both
86%
Who failed art school? Hitler
85%
Who made graduation? Kanye
85%
Who has a swastika depicted on their clothing? Both
73%
Who conquered Russia? Neither
45%
No matching quizzes found
Score Distribution
Percent of People with Each Score
Percentile by Number Answered
Your Score History
You have not taken this quiz